| 000 | 00498 a2200181 4500 | ||
|---|---|---|---|
| 999 |
_c233448 _d233448 |
||
| 003 | OSt | ||
| 005 | 20170308100538.0 | ||
| 008 | 160818b xxu||||| |||| 00| 0 eng d | ||
| 020 | _a0 | ||
| 040 | _c0 | ||
| 082 | _a108.708 DAY 1997 | ||
| 100 | _aRUSTOM S. DAVAR | ||
| 245 |
_aTHE HUMAN SIDE OF MANAGEMENT _cRUSTOM S. DAVAR |
||
| 260 |
_aUNIVERSAL BOOK STALL NEW DELHI _bUniversal Book Stall _c1997 |
||
| 300 |
_a316 p. _bPB |
||
| 440 | _aTHE HUMAN SIDE OF MANAGEMENT | ||
| 942 |
_cBK _k108.708 DAY _2ddc |
||